[Event "Michigan Invitational"]
[Site "Ann Arbor, MI"]
[Date "1997.??.??"]
[Round "5"]
[White "Rajlich, Vasik"]
[Black "Kamberi, Sonny"]
[Result "0-1"]
[WhiteElo "2215"]
[BlackElo "2305"]
[PlyCount "80"]
[EventDate "1997.??.??"]

1. e4 e6 2. d4 d5 3. e5 c5 4. c3 Nc6 5. Nf3 Bd7 6. Bd3 Rc8 7. O-O cxd4 8. cxd4
Nb4 9. Nc3 Nxd3 10. Qxd3 {#} Ne7 11. Ng5 Nc6 12. Qf3 f6 {#} 13. Nxd5 Nxd4 14.
Qh5+ g6 15. exf6 Bc6 16. f7+ Kd7 17. Qg4 Bxd5 18. Qxd4 Bc5 19. Qa4+ Rc6 20. Rd1
Rf8 21. b4 Bxf2+ 22. Kxf2 Qf6+ 23. Nf3 Qxa1 24. Bh6 Qh8 25. Bxf8 Qxf8 26. Ne5+
Kc8 27. Nxc6 Qxf7+ 28. Kg1 bxc6 29. Rf1 Qe7 30. Qa6+ Kb8 31. h3 Qg5 32. Rf2 Qe3
33. a4 e5 34. b5 Qe1+ 35. Rf1 Qe3+ 36. Rf2 Qe1+ 37. Rf1 Qe3+ 38. Kh2 Qd2 39.
Rg1 Qf4+ 40. Kh1 Qg3 0-1

[Event "Michigan Team"]
[Site "Ann Arbor, MI"]
[Date "1997.??.??"]
[Round "1.12"]
[White "Radovanovic, C."]
[Black "Jendras, Gerard"]
[Result "1-0"]
[WhiteElo "1605"]
[BlackElo "1895"]
[PlyCount "109"]
[EventDate "1997.??.??"]

{1/1} 1. d4 Nf6 2. Nf3 c5 3. c4 cxd4 4. Nxd4 g6 5. g3 Bg7 6. Bg2 O-O 7. O-O Nc6
8. Nc3 Qb6 9. Nxc6 dxc6 10. Qc2 Be6 11. b3 Rfd8 12. Ba3 Kf8 13. Rad1 Rxd1 14.
Rxd1 Ng4 15. e3 Nxe3 16. fxe3 Qxe3+ 17. Kh1 Qxc3 18. Qf2 Qa5 19. Bc5 b6 20.
Bxc6 Rc8 21. Be3 Bf6 22. Bb7 Rb8 23. Bh6+ Kg8 24. Bg2 Bg7 25. Bf4 Be5 26. Bh6
Bg7 27. Bf4 Be5 28. Bg5 f6 29. Be3 Kf7 30. Bh6 Qa6 31. Re1 Qa5 32. b4 Qxb4 33.
Rxe5 Qxc4 34. a3 Rd8 35. Re1 Bd5 36. Bc1 Bxg2+ 37. Kxg2 Qd5+ 38. Kg1 Rc8 39.
Qf4 g5 40. Qg4 Rc2 41. Qh5+ Kf8 42. Qh6+ Kg8 43. Qh3 e5 44. Be3 Kg7 45. Bf2 Ra2
46. Rc1 Qd6 47. Qc8 Rxa3 48. Rc7+ Kh6 49. Rd7 Qb4 50. Rd1 g4 51. Qc1+ Kg6 52.
Qc2+ e4 53. Qc8 h5 54. Qg8+ Kf5 55. Rd5# 1-0

[Event "Tecumseh (RVO/3/22)"]
[Site "?"]
[Date "1997.??.??"]
[Round "?"]
[White "Prezkop, M."]
[Black "Crawford, Brandon"]
[Result "1-0"]
[WhiteElo "1605"]
[BlackElo "1605"]
[PlyCount "87"]
[EventDate "1997.??.??"]

{3/(22)} 1. e4 e5 2. Nf3 Nc6 3. Bc4 Nf6 4. Ng5 d5 5. exd5 Nxd5 6. Nxf7 Kxf7 7.
Qf3+ Qf6 8. Qxd5+ Be6 9. Qxe6+ Qxe6 10. Bxe6+ Kxe6 11. Nc3 Nd4 12. O-O Rd8 13.
d3 Kd7 14. Bd2 Nxc2 15. Rac1 Nd4 16. Rfe1 Bd6 17. Be3 Bc5 18. Ne4 Bb4 19. Nc3
Kc8 20. a3 Bc5 21. Ne4 Bb6 22. Rc4 h6 23. Kf1 g5 24. b4 a6 25. Rec1 Kb8 26. a4
Ba7 27. Rxc7 Nc6 28. Rf7 Bxe3 29. fxe3 Rxd3 30. Nc5 Rxe3 31. Nxa6+ bxa6 32.
Rxc6 Rb3 33. Rb6+ Kc8 34. Rxa6 Rxb4 35. Rfa7 Rf8+ 36. Ke2 Rb2+ 37. Ke3 Rxg2 38.
Ra8+ Kb7 39. R6a7+ Kb6 40. a5+ Kc5 41. Rxf8 Kd6 42. Rd8+ Ke6 43. Ra6+ Kf5 44.
Kf3 1-0

[Event "Tecumseh (RVO/1/12)"]
[Site "?"]
[Date "1997.??.??"]
[Round "?"]
[White "Prezkop, M."]
[Black "Blaine, Roger"]
[Result "0-1"]
[WhiteElo "1605"]
[BlackElo "1810"]
[PlyCount "46"]
[EventDate "1997.??.??"]

{1/(12)} 1. e4 e6 2. d4 d5 3. Nc3 Nf6 4. Be2 dxe4 5. Bg5 Bb4 6. a3 Bxc3+ 7.
bxc3 O-O 8. Bc4 Nbd7 9. Qe2 Re8 10. Bxf6 Nxf6 11. Nh3 c6 12. a4 Qa5 13. O-O
Qxc3 14. a5 Qxd4 15. Ra4 h6 16. Bxe6 Qxa4 17. Bxc8 Raxc8 18. Nf4 Re5 19. Qe3
Rxa5 20. Qd2 Nd5 21. c4 Nxf4 22. Qxf4 Qxc4 23. f3 Qd4+ 0-1

[Event "Kalamazoo (MI Am/2/5)"]
[Site "?"]
[Date "1997.??.??"]
[Round "?"]
[White "Post, Robert"]
[Black "Townsend, Paul"]
[Result "1/2-1/2"]
[WhiteElo "1625"]
[BlackElo "1920"]
[PlyCount "68"]
[EventDate "1997.??.??"]

{2/(5)} 1. d4 e6 2. e4 b6 3. Nf3 Bb7 4. Bd3 d5 5. e5 c5 6. c3 Nc6 7. O-O Nge7
8. Nbd2 Ng6 9. Re1 Be7 10. a3 Qc8 11. Nf1 Ba6 12. Bc2 Qc7 13. Be3 Rc8 14. Rc1
Na5 15. N1d2 Nc4 16. Nxc4 dxc4 17. Ng5 Bxg5 18. Bxg5 O-O 19. Qh5 Bb7 20. Re3 f6
21. exf6 gxf6 22. Bh6 Qf7 23. Rg3 f5 24. Bxf8 Kxf8 25. Qh6+ Qg7 26. Qxg7+ Kxg7
27. Re1 Kf6 28. Rge3 Bd5 29. g3 cxd4 30. cxd4 Rg8 31. Kf1 Ne7 32. b4 Nc6 33.
Rd1 Rg4 34. f4 b5 1/2-1/2

[Event "Kalamazoo (MI Am/5/3)"]
[Site "?"]
[Date "1997.??.??"]
[Round "?"]
[White "Post, Robert"]
[Black "Henderson, H."]
[Result "0-1"]
[WhiteElo "1625"]
[BlackElo "1870"]
[PlyCount "50"]
[EventDate "1997.??.??"]

{5/(3)} 1. d4 Nf6 2. Bg5 Ne4 3. Bf4 c5 4. f3 Nf6 5. d5 d6 6. e4 g6 7. Nc3 Bg7
8. Qd2 h6 9. O-O-O a6 10. g4 Qa5 11. e5 dxe5 12. Bxe5 Nbd7 13. Bf4 b5 14. Re1
b4 15. Nb1 Qxa2 16. c3 Nxd5 17. Bd6 bxc3 18. Nxc3 Bxc3 19. bxc3 Qxd2+ 20. Kxd2
e6 21. Bg2 Bb7 22. f4 Ra7 23. Rb1 N5b6 24. Bxb7 Rxb7 25. Ne2 Nc4+ 0-1

[Event "Kalamazoo (MI Am/3/11)"]
[Site "?"]
[Date "1997.??.??"]
[Round "?"]
[White "Post, Robert"]
[Black "Drysdale, Gilbert"]
[Result "1-0"]
[WhiteElo "1625"]
[BlackElo "1885"]
[PlyCount "59"]
[EventDate "1997.??.??"]

{3/(11)} 1. d4 f5 2. e4 fxe4 3. Nc3 Nf6 4. Bg5 Nc6 5. Bxf6 exf6 6. f3 f5 7.
fxe4 fxe4 8. Bc4 g6 9. Nge2 Bg7 10. O-O Qg5 11. Nd5 Kd8 12. Rf7 Na5 13. Rxg7
Nxc4 14. Qf1 Ne3 15. Nxe3 Qxe3+ 16. Kh1 Qg5 17. Qf7 c6 18. Nc3 Qf5 19. Qe7+ Kc7
20. d5 Rf8 21. h3 b5 22. dxc6 Kxc6 23. Nxe4 Kb6 24. Qd6+ Ka5 25. Qc7+ Ka4 26.
Nc5+ Kb4 27. c3+ Kc4 28. Nxd7+ Kd3 29. Qd6+ Kc4 30. Qd4# 1-0

[Event "Michigan Senior"]
[Site "Ann Arbor, MI"]
[Date "1997.??.??"]
[Round "2.1"]
[White "Poschel, Paul"]
[Black "Steen, Harold"]
[Result "1-0"]
[WhiteElo "2260"]
[BlackElo "1780"]
[PlyCount "83"]
[EventDate "1997.??.??"]

{2/(1)} 1. c4 Nf6 2. Nc3 g6 3. e4 d6 4. d4 Bg7 5. f4 O-O 6. Nf3 c5 7. dxc5 dxc5
8. Bd3 Nc6 9. e5 Ng4 10. h3 Nh6 11. Be3 Nd4 12. Bf2 Bf5 13. Nxd4 cxd4 14. Ne2
Qa5+ 15. Qd2 Qxd2+ 16. Kxd2 Bxd3 17. Kxd3 Nf5 18. g4 Nh6 19. Bxd4 Rfd8 20. Rad1
e6 21. Ke3 b6 22. Nc3 Bf8 23. Ne4 Kg7 24. Rd3 Rac8 25. b3 Rc7 26. Rhd1 Ng8 27.
Bb2 Rxd3+ 28. Rxd3 Bc5+ 29. Nxc5 Rxc5 30. Rd7 a5 31. Bd4 Rc6 32. Rb7 a4 33.
Bxb6 axb3 34. axb3 Ne7 35. Bd8 Nc8 36. Rc7 Rxc7 37. Bxc7 Kf8 38. b4 Ke8 39. b5
Kd7 40. Ba5 Na7 41. Kd4 Kc8 42. Bb6 1-0

[Event "Michigan Senior"]
[Site "Ann Arbor, MI"]
[Date "1997.??.??"]
[Round "3.12"]
[White "Poniatowski, Don"]
[Black "Sattler, Peter"]
[Result "1/2-1/2"]
[WhiteElo "1605"]
[BlackElo "1665"]
[PlyCount "129"]
[EventDate "1997.??.??"]

{3/(12)} 1. e4 c5 2. c3 d6 3. Nf3 Nc6 4. d4 cxd4 5. cxd4 e6 6. Nc3 Nf6 7. Be3
Be7 8. Be2 O-O 9. h3 a6 10. O-O b5 11. a3 Bb7 12. Qc2 Rc8 13. b4 e5 14. d5 Nd4
15. Nxd4 Nxe4 16. Qxe4 Rxc3 17. Nf3 f5 18. Qb1 Bxd5 19. Bd2 Rc8 20. Rc1 e4 21.
Rxc8 Qxc8 22. Ne1 Bf6 23. Ra2 Bxa2 24. Qxa2+ Kh8 25. Qc2 Qxc2 26. Nxc2 Rc8 27.
Ne3 g6 28. g3 Bb2 29. f3 Bxa3 30. fxe4 fxe4 31. Kf2 Bc1 32. Be1 Rf8+ 33. Nf5
Rxf5+ 34. Kg2 h5 35. g4 hxg4 36. Bxg4 Rf8 37. Bc3+ Kh7 38. h4 e3 39. Be1 Bd2
40. Bg3 Bxb4 41. Be2 d5 42. h5 gxh5 43. Bxh5 d4 44. Be2 Kh6 45. Kh3 Rf5 46. Kg4
Rg5+ 47. Kf3 a5 48. Bf4 a4 49. Bxb5 a3 50. Bc4 Kg6 51. Bxg5 Kxg5 52. Bb3 Kf5
53. Bc4 Ke5 54. Bb3 Kd6 55. Ke2 Kc5 56. Kd3 Bc3 57. Ba2 Kb4 58. Be6 Kc5 59. Ba2
Kd6 60. Bb3 Ke5 61. Bc4 Kf4 62. Bd5 a2 63. Bxa2 Kf3 64. Bf7 Kg4 65. Ke2 1/2-1/2

[Event "Tecumseh (RVO/4/12)"]
[Site "?"]
[Date "1997.??.??"]
[Round "?"]
[White "Petriz, Javier"]
[Black "Schulte, Michael"]
[Result "1-0"]
[WhiteElo "1605"]
[BlackElo "1605"]
[PlyCount "119"]
[EventDate "1997.??.??"]

{4/(12)} 1. d4 d5 2. Nf3 Nf6 3. Bg5 e6 4. e3 Be7 5. Bd3 h6 6. Bxf6 Bxf6 7. Nbd2
O-O 8. O-O Nd7 9. c3 b6 10. Qc2 Re8 11. e4 dxe4 12. Bxe4 Rb8 13. Rfe1 e5 14.
dxe5 Nxe5 15. Rad1 Kh8 16. Nxe5 Bxe5 17. Nf3 Bd6 18. Bc6 Rxe1+ 19. Rxe1 Bd7 20.
Qe4 Bxc6 21. Qxc6 Qf6 22. Re8+ Rxe8 23. Qxe8+ Kh7 24. Qe4+ Qg6 25. Qxg6+ Kxg6
26. Nd4 Kf6 27. Nb5 a6 28. Nxd6 cxd6 29. f3 Ke5 30. Kf2 Kd5 31. Ke3 Kc4 32. h4
Kd5 33. g4 g6 34. f4 f6 35. b3 b5 36. h5 gxh5 37. gxh5 f5 38. Kd3 Kc5 39. b4+
Kd5 40. a3 Kc6 41. Kd4 Kc7 42. Kd5 Kd7 43. c4 bxc4 44. Kxc4 Kc6 45. a4 Kc7 46.
Kd5 Kd7 47. b5 axb5 48. axb5 Kc7 49. b6+ Kd7 50. b7 Kc7 51. b8=Q+ Kxb8 52. Kxd6
Kc8 53. Ke6 Kd8 54. Kxf5 Ke7 55. Kg6 Kf8 56. Kxh6 Kg8 57. f5 Kh8 58. Kg6 Kg8
59. f6 Kh8 60. Kf7 1-0

[Event "Tecumseh (RVO/2/15)"]
[Site "?"]
[Date "1997.??.??"]
[Round "?"]
[White "Petriz, Javier"]
[Black "Grams, Paul"]
[Result "1/2-1/2"]
[WhiteElo "1605"]
[BlackElo "1800"]
[PlyCount "100"]
[EventDate "1997.??.??"]

{2/(15)} 1. d4 Nf6 2. Nf3 g6 3. Bg5 Bg7 4. e3 O-O 5. Nbd2 d5 6. c4 c6 7. Be2
Nbd7 8. O-O Ne4 9. Bf4 Ndf6 10. Ne5 Qb6 11. f3 Nxd2 12. Qxd2 Nh5 13. c5 Qd8 14.
Bg3 Nxg3 15. hxg3 f6 16. Nd3 e5 17. Rad1 exd4 18. exd4 Re8 19. f4 Bf5 20. Nf2
Qe7 21. Rfe1 Qe3 22. Qxe3 Rxe3 23. Bf3 Rae8 24. Kf1 Rxe1+ 25. Rxe1 Rxe1+ 26.
Kxe1 Bb1 27. Kd2 Bxa2 28. Ke3 Kf7 29. Nd1 Bb3 30. Nc3 b5 31. Ne2 a5 32. Nc1 Bc2
33. Kd2 Bf5 34. Nb3 a4 35. Na5 Bd7 36. Bd1 Ke7 37. Ke3 Kd8 38. Kd3 Kc7 39. Kc3
Bh6 40. b3 axb3 41. Nxb3 g5 42. Bc2 gxf4 43. gxf4 f5 44. g3 Bg7 45. Nd2 Kd8 46.
Nf3 Ke7 47. Ne5 Be8 48. Bxf5 h5 49. Nf3 Bd7 50. Bg6 Be8 1/2-1/2

[Event "Michigan Senior"]
[Site "Ann Arbor, MI"]
[Date "1997.??.??"]
[Round "4.2"]
[White "Pence, Mark"]
[Black "Santiago, Reynaldo"]
[Result "0-1"]
[WhiteElo "2065"]
[BlackElo "2035"]
[PlyCount "74"]
[EventDate "1997.??.??"]

{4/(2)} 1. d4 g6 2. c4 Bg7 3. Nc3 c5 4. d5 Bxc3+ 5. bxc3 f5 6. e3 Nf6 7. Bd3 d6
8. Ne2 Nbd7 9. Ng3 Qa5 10. Qc2 Nb6 11. O-O Bd7 12. Re1 O-O-O 13. Bb2 e5 14. f3
Kb8 15. Nf1 Ba4 16. Qe2 Rde8 17. e4 f4 18. Nd2 g5 19. Nb3 Qa6 20. Reb1 Reg8 21.
Kh1 h5 22. Ba3 Nbd7 23. Bc1 g4 24. Bd2 Ka8 25. Be1 h4 26. fxg4 Nxg4 27. Bf2
Ndf6 28. Bxc5 dxc5 29. Nxc5 Qa5 30. Nxb7 Qxc3 31. h3 Qxd3 32. Qb2 Qd4 33. Qa3
Nf2+ 34. Kh2 Qxe4 35. Qf3 Qxf3 36. gxf3 Rg3 37. Nc5 Rhg8 0-1

[Event "Michigan Senior"]
[Site "Ann Arbor, MI"]
[Date "1997.??.??"]
[Round "2.3"]
[White "Pence, Mark"]
[Black "Moore, Robert"]
[Result "1-0"]
[WhiteElo "2065"]
[BlackElo "1715"]
[PlyCount "69"]
[EventDate "1997.??.??"]

{2/(3)} 1. d4 g6 2. e4 Bg7 3. Nf3 d6 4. h3 Nd7 5. Bc4 c5 6. c3 Ngf6 7. Qe2 O-O
8. O-O cxd4 9. cxd4 Nb6 10. Bb3 a6 11. Nc3 Bd7 12. Rd1 Ne8 13. Bg5 h6 14. Be3
Kh7 15. Rac1 Nc7 16. a4 Qe8 17. a5 Nc8 18. Bc2 Nb5 19. Bb1 Nca7 20. Nd5 Nc8 21.
Qd2 Bc6 22. Nf4 e6 23. Re1 Ne7 24. h4 f5 25. Nxe6 fxe4 26. Nxg7 Kxg7 27. Bxh6+
Kg8 28. Bxf8 Qxf8 29. Bxe4 Qg7 30. Bxc6 Nxc6 31. d5 Ne7 32. Qg5 Nf5 33. Re6 Kh7
34. Rce1 Nc7 35. Re7 1-0

[Event "Kalamazoo (MI Am/4/13)"]
[Site "?"]
[Date "1997.??.??"]
[Round "?"]
[White "Pecot, Dave"]
[Black "Watson, D."]
[Result "0-1"]
[WhiteElo "1605"]
[BlackElo "1605"]
[PlyCount "53"]
[EventDate "1997.??.??"]

{4/(13)} 1. e4 e5 2. d4 exd4 3. c3 d5 4. exd5 Qxd5 5. Qxd4 Qxd4 6. cxd4 Bb4+ 7.
Nc3 Nf6 8. Bd3 O-O 9. Nge2 c5 10. dxc5 Bxc5 11. O-O Nc6 12. Bf4 Be6 13. a3 Rfd8
14. Bc2 Nd4 15. Nxd4 Bxd4 16. Nd1 Rac8 17. Rc1 Nd5 18. Bd2 Bg4 19. Nc3 Nxc3 20.
Bxc3 Bxc3 21. bxc3 g6 22. Be4 b6 23. f3 Be6 24. Rf2 Rc5 25. Bb1 Rdc8 26. Ba2
Rxc3 27. Rxc3 0-1

[Event "Kalamazoo (MI Am/3/26)"]
[Site "?"]
[Date "1997.??.??"]
[Round "?"]
[White "Pecot, Dave"]
[Black "Jaynes, A."]
[Result "1-0"]
[WhiteElo "1605"]
[BlackElo "1605"]
[PlyCount "37"]
[EventDate "1997.??.??"]

{3/(26)} 1. e4 e6 2. d4 d5 3. Be3 dxe4 4. Nd2 Nf6 5. f3 exf3 6. Ngxf3 Ng4 7.
Qe2 Nxe3 8. Qxe3 b6 9. Bd3 c5 10. Be4 cxd4 11. Qxd4 Qxd4 12. Nxd4 e5 13. N4f3
Bf5 14. Bxa8 Bxc2 15. Rc1 Ba4 16. Rc8+ Kd7 17. Rxb8 Bc6 18. Nxe5+ Kc7 19. Nxc6
1-0

[Event "Kalamazoo (MI Am/1/39)"]
[Site "?"]
[Date "1997.??.??"]
[Round "?"]
[White "Pecot, Dave"]
[Black "Dimond, A."]
[Result "0-1"]
[WhiteElo "1605"]
[BlackElo "1605"]
[PlyCount "84"]
[EventDate "1997.??.??"]

{1/(39)} 1. e4 c5 2. b4 cxb4 3. a3 d6 4. axb4 Nf6 5. Bc4 Nxe4 6. Bxf7+ Kxf7 7.
Qh5+ g6 8. Qd5+ Be6 9. Qxe4 Bg7 10. Qxb7 Nc6 11. Qxc6 Bxa1 12. c3 a5 13. b5 Qd7
14. Qf3+ Kg7 15. Na3 Rab8 16. Qe2 Bb3 17. Nf3 Ba4 18. Nd4 e5 19. Nc6 Rxb5 20.
Nxb5 Qxc6 21. Na3 Qxg2 22. Rf1 Qxh2 23. Qc4 Qf4 24. Qc7+ Kh6 25. Rh1+ Kg5 26.
Qe7+ Qf6 27. Qxf6+ Kxf6 28. Rh4 Bb3 29. Nb5 d5 30. Ba3 h5 31. Nd6 g5 32. Rh1 d4
33. Ke2 h4 34. Rxa1 h3 35. Ne4+ Kf5 36. f3 h2 37. Rh1 g4 38. Ng3+ Kf4 39. Bd6
Kxg3 40. Bxe5+ Kg2 41. Rxh2+ Rxh2 42. Bxh2 gxf3+ 0-1

[Event "Lansing (MOR/4/26)"]
[Site "?"]
[Date "1997.??.??"]
[Round "?"]
[White "Paul, Dennis"]
[Black "Robinson, Erik"]
[Result "1/2-1/2"]
[WhiteElo "1605"]
[BlackElo "1605"]
[PlyCount "138"]
[EventDate "1997.??.??"]

{4/(26)} 1. e4 Nf6 2. Nc3 e5 3. Bb5 Bc5 4. Nf3 c6 5. Ba4 b5 6. Bb3 d6 7. a4 b4
8. Ne2 Nxe4 9. d4 exd4 10. Nexd4 d5 11. Be3 Ba6 12. Ne5 Qc7 13. Nexc6 Bc4 14.
Bxc4 dxc4 15. Qh5 Nxc6 16. Ne6 Qe5 17. Qxe5 Nxe5 18. Nc7+ Ke7 19. Nxa8 Bxe3 20.
fxe3 Rxa8 21. O-O Rd8 22. a5 Rd2 23. Ra4 Nc6 24. c3 Rxb2 25. cxb4 Nc3 26. Ra3
Nb5 27. Raa1 c3 28. Rf2 c2 29. Rc1 Nxb4 30. h3 Rb1 31. Rfxc2 Nxc2 32. Rxb1 Nba3
33. Rb7+ Ke6 34. Rxa7 Nb5 35. Rb7 Nca3 36. a6 h5 37. a7 Nxa7 38. Rxa7 Nc4 39.
Kf2 Kf6 40. Ra4 Ne5 41. g4 h4 42. Rf4+ Ke6 43. Ke2 f6 44. Ra4 Nf7 45. Ra7 g6
46. e4 Ng5 47. Ra6+ Ke5 48. Ke3 Nxh3 49. Ra5+ Ke6 50. Kd4 Ng5 51. Ra6+ Kf7 52.
Kd5 Kg7 53. e5 fxe5 54. Kxe5 Nf7+ 55. Kf4 Kh6 56. Rb6 Ng5 57. Rf6 h3 58. Rd6
Nf7 59. Rd2 Ng5 60. Re2 Nf7 61. Rh2 Ng5 62. Ke3 Kg7 63. Kf4 Ne6+ 64. Ke5 Ng5
65. Rh1 Kf7 66. Rf1+ Kg7 67. Kd5 Kh6 68. Rh1 Kg7 69. Rh2 Kf7 1/2-1/2

[Event "Lansing (MOR/2/29)"]
[Site "?"]
[Date "1997.??.??"]
[Round "?"]
[White "Paul, Dennis"]
[Black "Matias, I.C."]
[Result "1-0"]
[WhiteElo "1605"]
[BlackElo "1665"]
[PlyCount "69"]
[EventDate "1997.??.??"]

{2/(29)} 1. e4 e6 2. Nf3 d5 3. e5 c5 4. d4 Nc6 5. Bb5 Qb6 6. a4 a6 7. Bxc6+
Qxc6 8. O-O cxd4 9. Nxd4 Qc7 10. Nc3 Bc5 11. a5 Qxe5 12. Be3 Bd6 13. Nf3 Qh5
14. Qd4 Nf6 15. Bg5 e5 16. Qb6 Be7 17. Bxf6 gxf6 18. Nxd5 Be6 19. Nc7+ Kf8 20.
Nxa8 Rg8 21. Qxb7 Qg4 22. g3 e4 23. Ra4 Qxf3 24. Qxe4 Qxe4 25. Rxe4 Bd5 26.
Rxe7 Kxe7 27. Re1+ Be6 28. Nc7 Rc8 29. Nd5+ Kd6 30. Nb4 Rc5 31. Rd1+ Ke7 32.
Rd2 Bh3 33. c3 Ke6 34. Nd3 Rh5 35. Nf4+ 1-0

[Event "Lansing (MOR/6/34)"]
[Site "?"]
[Date "1997.??.??"]
[Round "?"]
[White "Paul, Dennis"]
[Black "Carpenter, George"]
[Result "1-0"]
[WhiteElo "1605"]
[BlackElo "1605"]
[PlyCount "45"]
[EventDate "1997.??.??"]

{6/(34)} 1. e4 d6 2. d4 Nf6 3. Nc3 g6 4. Be3 Bg7 5. Nf3 O-O 6. Bd3 Nbd7 7. Qd2
c6 8. O-O-O b5 9. e5 dxe5 10. dxe5 Ng4 11. h3 Ngxe5 12. Bh6 Nxd3+ 13. cxd3 a5
14. Bxg7 Kxg7 15. Ne4 b4 16. g4 Bb7 17. h4 c5 18. h5 f5 19. hxg6 fxe4 20. Qh6+
Kf6 21. g7+ Kf7 22. Ng5+ Ke8 23. Qh5+ 1-0

[Event "Lansing (MOR/7/26)"]
[Site "?"]
[Date "1997.??.??"]
[Round "?"]
[White "Parker, Harvard"]
[Black "Turner, A."]
[Result "1/2-1/2"]
[WhiteElo "1605"]
[BlackElo "1605"]
[PlyCount "97"]
[EventDate "1997.??.??"]

{7/(26)} 1. d4 Nf6 2. Nc3 d5 3. e4 dxe4 4. f3 exf3 5. Nxf3 e6 6. Bg5 Be7 7. Qd2
c6 8. Bd3 Nbd7 9. O-O Qc7 10. Rae1 h6 11. Bh4 O-O 12. Ne5 Nxe5 13. Rxe5 Ng4 14.
Bxe7 Qxe7 15. Re4 Nf6 16. Ref4 Nd5 17. Rg4 g5 18. Ne2 f5 19. Rg3 Kh8 20. Rgf3
Bd7 21. c4 Nf6 22. h4 Qg7 23. Rh3 g4 24. Re3 Nh5 25. Re5 Rf7 26. Re1 Raf8 27.
Nf4 Nxf4 28. Qxf4 Qf6 29. g3 h5 30. c5 Re7 31. Bc4 Rfe8 32. Qe3 Kh7 33. b4 a6
34. Re2 Qh6 35. Kf2 Qxe3+ 36. Kxe3 Kg6 37. Kf4 Kf6 38. R2e3 Ra8 39. Rb3 Ree8
40. Ra3 Kg6 41. Rae3 Kf6 42. Ra3 Ra7 43. Ra5 Raa8 44. Ra3 Rac8 45. Rd3 Re7 46.
Rde3 Be8 47. Rd3 Rg7 48. Ke3 Rg8 49. Kf4 1/2-1/2

[Event "Lansing (MOR/5/34)"]
[Site "?"]
[Date "1997.??.??"]
[Round "?"]
[White "Parker, Harvard"]
[Black "Spindleman, Brian"]
[Result "1-0"]
[WhiteElo "1605"]
[BlackElo "1605"]
[PlyCount "47"]
[EventDate "1997.??.??"]

{5/(34)} 1. d4 Nf6 2. Nc3 g6 3. e4 Bg7 4. e5 Ng8 5. f4 d6 6. Nf3 Bg4 7. Bc4
dxe5 8. fxe5 e6 9. Be3 Ne7 10. O-O Nd7 11. h3 Bxf3 12. Qxf3 O-O 13. Ne4 f5 14.
Ng5 Kh8 15. Nxe6 Qc8 16. Nxf8 Nxf8 17. Bg5 Nc6 18. c3 Ne6 19. Bxe6 Qxe6 20. d5
Nxe5 21. dxe6 Nxf3+ 22. Rxf3 Re8 23. Rd1 h6 24. Rd8 1-0

[Event "Lansing (MOR/1b/24)"]
[Site "?"]
[Date "1997.??.??"]
[Round "?"]
[White "Parker, Harvard"]
[Black "Mudri, Mark"]
[Result "1-0"]
[WhiteElo "1605"]
[BlackElo "1605"]
[PlyCount "43"]
[EventDate "1997.??.??"]

1. d4 Nf6 2. Nc3 g6 3. e4 Bg7 4. e5 Nh5 5. g4 e6 6. gxh5 b6 7. h6 Bf8 8. Bg2
Nc6 9. Nf3 Ba6 10. Bg5 Be7 11. Bxe7 Qxe7 12. Qd2 f6 13. O-O-O fxe5 14. Nxe5
O-O-O 15. Bxc6 Bb7 16. Bxb7+ Kxb7 17. f4 Qh4 18. Ne4 Rdf8 19. Rhf1 Qxh6 20. Qg2
Rxf4 21. Nc5+ Kc8 22. Qa8# 1-0

[Event "Lansing (MOR/3/33)"]
[Site "?"]
[Date "1997.??.??"]
[Round "?"]
[White "Parker, Harvard"]
[Black "Gatesy, Matthew"]
[Result "1-0"]
[WhiteElo "1605"]
[BlackElo "1605"]
[PlyCount "53"]
[EventDate "1997.??.??"]

{3/(33)} 1. d4 d5 2. e4 e6 3. e5 c5 4. Qg4 Nc6 5. c3 Nge7 6. Bd3 Bd7 7. Nf3 Qc7
8. O-O f6 9. exf6 gxf6 10. Qh5+ Kd8 11. Re1 Kc8 12. Qf7 e5 13. Qxf6 Ng6 14.
Bxg6 hxg6 15. Qxh8 Qd8 16. Nxe5 Kc7 17. Nxd7 Qxd7 18. Bf4+ Kb6 19. Qf6 Ka6 20.
Qe6 Qh7 21. Na3 Bh6 22. Qe2+ c4 23. Bxh6 Qxh6 24. Nxc4 dxc4 25. Qxc4+ Kb6 26.
Qc5+ Kc7 27. Re7+ 1-0

[Event "Tecumseh (RVO/5/21)"]
[Site "?"]
[Date "1997.??.??"]
[Round "?"]
[White "Ohlemacher, Scott"]
[Black "Vasos, John"]
[Result "1/2-1/2"]
[WhiteElo "1605"]
[BlackElo "1605"]
[PlyCount "74"]
[EventDate "1997.??.??"]

{5/(21)} 1. d4 d5 2. c4 e5 3. Nc3 Bb4 4. a3 Bxc3+ 5. bxc3 dxc4 6. e3 Be6 7. Nf3
Nd7 8. Be2 c6 9. O-O Qa5 10. Bb2 Ngf6 11. Nd2 b5 12. Bf3 Qc7 13. Ne4 Nxe4 14.
Bxe4 Bd5 15. Qf3 Bxe4 16. Qxe4 O-O 17. Qc2 exd4 18. exd4 Rfe8 19. Rfe1 Nf6 20.
a4 Rxe1+ 21. Rxe1 Re8 22. Rxe8+ Nxe8 23. g3 Qa5 24. axb5 cxb5 25. Qe4 Qd8 26.
Qb7 Qc7 27. Qxb5 Qc8 28. Qa4 Qb8 29. Ba3 Nd6 30. Bxd6 Qxd6 31. Qxa7 g6 32. Qa4
Qe6 33. Qb5 Qe1+ 34. Kg2 Qxc3 35. d5 Qd4 36. Qc6 Qe4+ 37. f3 Qe2+ 1/2-1/2

[Event "Tecumseh (RVO/2/22)"]
[Site "?"]
[Date "1997.??.??"]
[Round "?"]
[White "Ohlemacher, Scott"]
[Black "Hollinsworth, Galon"]
[Result "0-1"]
[WhiteElo "1605"]
[BlackElo "1605"]
[PlyCount "50"]
[EventDate "1997.??.??"]

{2/(22)} 1. d4 Nf6 2. Bg5 e6 3. Nd2 c5 4. e3 d5 5. Ngf3 h6 6. Bxf6 Qxf6 7. c4
Bd6 8. Bd3 O-O 9. O-O Nd7 10. b3 e5 11. dxe5 Nxe5 12. Nxe5 Bxe5 13. Rc1 Rd8 14.
Nf3 Bg4 15. Be2 dxc4 16. Qc2 cxb3 17. Qxb3 b6 18. h3 Be6 19. Qc2 Bc7 20. Rcd1
Bd5 21. Rd3 Qg6 22. Qd2 Be6 23. Rxd8+ Rxd8 24. Qb2 Bxh3 25. g3 Bxg3 0-1

[Event "Tecumseh (RVO/2/23)"]
[Site "?"]
[Date "1997.??.??"]
[Round "?"]
[White "Norwood, Wayne"]
[Black "Smalec, Joseph"]
[Result "0-1"]
[WhiteElo "1605"]
[BlackElo "1605"]
[PlyCount "120"]
[EventDate "1997.??.??"]

{2/(23)} 1. e4 c5 2. d3 Nc6 3. Be3 Nf6 4. Be2 e5 5. Nf3 Be7 6. Nc3 O-O 7. O-O
d6 8. Re1 Be6 9. Qd2 Rc8 10. Rad1 d5 11. exd5 Nxd5 12. Nxd5 Bxd5 13. c4 Be6 14.
Ng5 Qd7 15. Nxe6 Qxe6 16. h3 Rcd8 17. Bg4 Qd6 18. f4 Bh4 19. Rf1 Bg3 20. Rf3
exf4 21. Bxf4 Bxf4 22. Rxf4 Rfe8 23. Bh5 g6 24. Rg4 Ne5 25. Rg5 Nxc4 26. Qf2
Ne3 27. Re1 Nf5 28. Rxe8+ Rxe8 29. g4 Qf6 30. h4 Kh8 31. gxf5 gxh5 32. Rxh5 b6
33. Qd2 Rg8+ 34. Rg5 Qd4+ 35. Kf1 Qxh4 36. Qc3+ Qd4 37. Rxg8+ Kxg8 38. Qxd4
cxd4 39. Kf2 Kg7 40. Kf3 Kf6 41. Kf4 a6 42. a4 h5 43. b4 h4 44. Kg4 h3 45. Kxh3
Kxf5 46. Kg3 Kg5 47. Kf3 f5 48. Kg3 f4+ 49. Kf3 Kf5 50. Kf2 Kg4 51. Kg2 f3+ 52.
Kf2 Kf4 53. Kf1 Ke3 54. Ke1 f2+ 55. Kf1 a5 56. bxa5 bxa5 57. Kg2 Ke2 58. Kg3
f1=Q 59. Kh2 Qf4+ 60. Kh1 Qg4 0-1

[Event "Michigan Invitational"]
[Site "Ann Arbor, MI"]
[Date "1997.??.??"]
[Round "2"]
[White "Noren, Kevin"]
[Black "Toma, A."]
[Result "1/2-1/2"]
[WhiteElo "2290"]
[BlackElo "2265"]
[PlyCount "113"]
[EventDate "1997.??.??"]

1. f4 f5 2. Nf3 Nf6 3. b3 e6 4. Bb2 c5 5. e3 Be7 6. Nc3 Nc6 7. Bb5 Qb6 8. O-O
a6 9. Bxc6 Qxc6 10. Ne5 Qc7 11. a4 d6 12. Nc4 b6 13. Qf3 Bb7 14. Qg3 O-O 15. d3
Rf7 16. Nd2 Raf8 17. Nf3 Bxf3 18. Qxf3 d5 19. Ne2 Nd7 20. c4 Bf6 21. Bxf6 Nxf6
22. Rfd1 Rd7 23. Ng3 Rfd8 24. Nh5 Nxh5 25. Qxh5 d4 26. Qf3 e5 27. e4 fxe4 28.
Qxe4 exf4 29. Re1 Rf8 30. Re2 Rdf7 31. Rf1 h6 32. Qe6 Kh8 33. Re4 Rf6 34. Qd5
a5 35. Kf2 Qc8 36. Qh5 Qc6 37. Rfe1 Rg6 38. Qf3 Qf6 39. Qh3 Qf5 40. Qxf5 Rxf5
41. Re5 Rxe5 42. Rxe5 Rf6 43. Kf3 Kg8 44. Re4 g5 45. Re7 Kf8 46. Rh7 Re6 47.
Kf2 g4 48. Rb7 Kg8 49. Rc7 Re3 50. Rc6 g3+ 51. hxg3 fxg3+ 52. Kf1 Rxd3 53. Rxb6
Rc3 54. Rxh6 d3 55. Ke1 Rxb3 56. Rh5 Rb4 57. Rxc5 1/2-1/2